000 00283nam a2200121Ia 4500
008 190902s9999||||xx |||||||||||||| ||und||
020 _a0-19-551152-2
100 _aRoger Ailes
245 0 _aYou Are The Message
260 _aLondon
_bPrentice Hall
_c1988
300 _a224
942 _cBK
999 _c2876
_d2876